[Event "Titled Tuesday intern op 12th Dec Early"]
[Site "Chess.com INT"]
[Date "2023.12.12"]
[Round "4"]
[White "Banzea, Alexandru Bogdan"]
[Black "Khismatullin, Denis Rimovich"]
[Result "0-1"]
[WhiteElo "2394"]
[BlackElo "2579"]
[PlyCount "72"]
[EventDate "2023.12.12"]
[EventType "swiss (blitz)"]
[EventRounds "11"]
[EventCountry "USA"]
[SourceTitle "CB51_2023"]
[SourceDate "2023.12.20"]
[SourceVersion "1"]
[SourceVersionDate "2023.12.20"]
[SourceQuality "1"]

1. d4 Nf6 2. Nc3 d5 3. Bf4 e6 4. Nb5 Na6 5. e3 c6 6. Nc3 Nc7 7. Nf3 Be7 8. Ne5 c5 9. dxc5 Bxc5 10. Bd3 Bd6 11. Qf3 Qe7 12. 0-0-0 a6 13. e4 0-0 14. Qh3 d4 15. Ne2 Nb5 16. g4 Qc7 17. Qg3 Qa5 18. Kb1 Qb4 19. Ka1 a5 20. Nc4 Bxf4 21. Qxf4 a4 22. a3 Qc5 23. g5 Nh5 24. Qg4 g6 25. e5 Nxa3 26. Nxa3 Rd8 27. Ng3 b5 28. Nxh5 b4 29. Nf6+ Kf8 30. Nc4 b3 31. Nxh7+ Ke7 32. Nf6 a3 33. cxb3 Qb4 34. Kb1 axb2 35. Qe2 Ra1+ 36. Kxb2 Qc3# 0-1

[Event "Titled Tuesday intern op 12th Dec Early"]
[Site "Chess.com INT"]
[Date "2023.12.12"]
[Round "10"]
[White "Parfenov, Viktor N"]
[Black "Banzea, Alexandru Bogdan"]
[Result "0-1"]
[WhiteElo "2193"]
[BlackElo "2394"]
[PlyCount "98"]
[EventDate "2023.12.12"]
[EventType "swiss (blitz)"]
[EventRounds "11"]
[EventCountry "USA"]
[SourceTitle "CB51_2023"]
[SourceDate "2023.12.20"]
[SourceVersion "1"]
[SourceVersionDate "2023.12.20"]
[SourceQuality "1"]

1. e4 c5 2. Nf3 g6 3. c3 d5 4. e5 Nc6 5. Bb5 Bg4 6. Bxc6+ bxc6 7. d4 e6 8. Nbd2 Nh6 9. 0-0 Nf5 10. h3 Bxf3 11. Nxf3 h5 12. b4 cxb4 13. cxb4 Bxb4 14. Qa4 Be7 15. Qxc6+ Kf8 16. Rb1 Rc8 17. Qa6 Qd7 18. Rb7 Rc7 19. Rxc7 Qxc7 20. Bd2 Kg7 21. Rc1 Qb6 22. Qxb6 axb6 23. Rc7 Ra8 24. g4 hxg4 25. hxg4 Nh4 26. Nxh4 Bxh4 27. Rc2 Ra4 28. Be3 g5 29. Rb2 Kg6 30. Kg2 f5 31. exf6 Kxf6 32. Kf3 Ra3 33. Kg2 Ra4 34. Kf3 Ra3 35. Ke2 Ke7 36. Kf3 Kd7 37. Rxb6 Rxa2 38. Rb7+ Kd6 39. Rg7 Ra3 40. Kg2 Ra2 41. Bxg5 Bxf2 42. Kf3 Bxd4 43. Rg8 e5 44. Rd8+ Kc6 45. Rc8+ Kd7 46. Rd8+ Kc6 47. Rc8+ Kb5 48. Be3 Ra3 49. Rb8+ Kc6 0-1

[Event "Titled Tuesday intern op 26th Sep Late"]
[Site "Chess.com INT"]
[Date "2023.09.26"]
[Round "3"]
[White "Banzea, Alexandru Bogdan"]
[Black "Antova, Gabriela"]
[Result "0-1"]
[WhiteElo "2394"]
[BlackElo "2223"]
[PlyCount "136"]
[EventDate "2023.09.26"]
[EventType "swiss (blitz)"]
[EventRounds "11"]
[EventCountry "USA"]
[SourceTitle "EXT 2024"]
[Source "ChessBase"]
[SourceDate "2023.10.10"]
[SourceVersion "1"]
[SourceVersionDate "2023.10.10"]
[SourceQuality "1"]

1. d4 Nf6 2. Nf3 e6 3. Bf4 c5 4. e3 Be7 5. Nbd2 b6 6. c3 Bb7 7. h3 cxd4 8. exd4 d6 9. Bd3 Nd5 10. Bh2 Nd7 11. Nc4 N7f6 12. a4 a6 13. 0-0 0-0 14. Re1 Rc8 15. Bf1 b5 16. axb5 axb5 17. Na5 Ba6 18. Nd2 Qb6 19. Qb3 Rb8 20. c4 bxc4 21. Qxb6 Rxb6 22. Naxc4 Bxc4 23. Nxc4 Rc6 24. Ra7 Rfc8 25. b3 Bf8 26. g4 h6 27. Bg3 g5 28. Bg2 Rb8 29. Ra3 Rb5 30. Ra8 Kg7 31. Nd2 Rc2 32. Nc4 Rxb3 33. Nxd6 Rxg3 34. Nf5+ exf5 35. fxg3 f4 36. Bxd5 Nxd5 37. Ree8 Bb4 38. gxf4 Nxf4 39. h4 Bc3 40. hxg5 Bxd4+ 41. Kf1 hxg5 42. Rg8+ Kf6 43. Ra6+ Ne6 44. Re8 Rf2+ 45. Ke1 Rf4 46. Rd8 Rxg4 47. Kd1 Re4 48. Rd5 g4 49. Ra2 Re5 50. Rxe5 Bxe5 51. Rg2 Kg5 52. Ke1 f5 53. Re2 Kf6 54. Kf1 Nf4 55. Ra2 Kg5 56. Ra6 Ng6 57. Ra8 Bf4 58. Ra5 Be3 59. Ra4 g3 60. Ra5 Kg4 61. Kg2 Nh4+ 62. Kf1 g2+ 63. Ke2 g1Q 64. Ra4+ f4 65. Ra2 Qf2+ 66. Kd1 Qxa2 67. Ke1 Qd2+ 68. Kf1 Qf2# 0-1

[Event "Titled Tuesday intern op 19th Sep Early"]
[Site "Chess.com INT"]
[Date "2023.09.19"]
[Round "7"]
[White "Banzea, Alexandru Bogdan"]
[Black "Galchenko, Matvey"]
[Result "1/2-1/2"]
[WhiteElo "2394"]
[BlackElo "2438"]
[PlyCount "139"]
[EventDate "2023.09.19"]
[EventType "swiss (blitz)"]
[EventRounds "11"]
[EventCountry "USA"]
[SourceTitle "EXT 2024"]
[Source "ChessBase"]
[SourceDate "2023.10.10"]
[SourceVersion "1"]
[SourceVersionDate "2023.10.10"]
[SourceQuality "1"]

1. d4 Nf6 2. Nc3 d5 3. Bf4 c5 4. e3 Bg4 5. f3 Bd7 6. dxc5 Nc6 7. Nxd5 e5 8. Bg5 Qa5+ 9. c3 Nxd5 10. Qxd5 Be6 11. Qe4 f6 12. Bh4 Bxc5 13. Bf2 0-0-0 14. Bc4 Bd7 15. Ne2 f5 16. Qc2 Qb6 17. Qc1 f4 18. b4 fxe3 19. Bg1 Nxb4 20. cxb4 Bxb4+ 21. Kf1 Rhf8 22. Bxe3 Qf6 23. Bd5+ Kb8 24. Qb2 Qd6 25. Be4 a5 26. Rb1 Bc6 27. Ng3 Bxe4 28. Nxe4 Qd3+ 29. Kf2 Qxe4 30. a3 Rd3 31. Rhe1 Bxe1+ 32. Rxe1 Qd5 33. Qe2 Rc8 34. Kg1 Rdc3 35. Qb2 Rc2 36. Qb6 R2c6 37. Qa7+ Kc7 38. Bf2 e4 39. Qe3 exf3 40. Bg3+ Rd6 41. Qe7+ Kc6 42. Rc1+ Kb5 43. Rxc8 Qd4+ 44. Bf2 Qd1+ 45. Qe1 fxg2 46. Qxd1 Rxd1+ 47. Kxg2 Rd7 48. Rc5+ Ka4 49. Rh5 Kxa3 50. Rxa5+ Kb4 51. Re5 Kc4 52. Rg5 b5 53. Rc5+ Kb4 54. Rc8 Ka4 55. Ra8+ Kb3 56. Kf3 Rb7 57. Ke4 b4 58. Ra7 Rxa7 59. Bxa7 Kc2 60. Bd4 g6 61. h4 h6 62. Ke5 b3 63. Kf6 g5 64. hxg5 hxg5 65. Kxg5 Kd3 66. Bh8 Kc2 67. Bg7 Kb1 68. Bf6 Kc1 69. Kf4 b2 70. Bxb2+ 1/2-1/2

[Event "Titled Tuesday intern op 19th Sep Early"]
[Site "Chess.com INT"]
[Date "2023.09.19"]
[Round "5"]
[White "Makhnev, Denis"]
[Black "Banzea, Alexandru Bogdan"]
[Result "1-0"]
[WhiteElo "2466"]
[BlackElo "2394"]
[PlyCount "87"]
[EventDate "2023.09.19"]
[EventType "swiss (blitz)"]
[EventRounds "11"]
[EventCountry "USA"]
[SourceTitle "EXT 2024"]
[Source "ChessBase"]
[SourceDate "2023.10.10"]
[SourceVersion "1"]
[SourceVersionDate "2023.10.10"]
[SourceQuality "1"]

1. e4 c6 2. Nf3 d5 3. Nc3 dxe4 4. Nxe4 Nf6 5. Qe2 Nxe4 6. Qxe4 Be6 7. b3 Nd7 8. Bb2 Nf6 9. Qe3 Nd5 10. Qe5 Qc7 11. 0-0-0 Bg4 12. Qg3 Qxg3 13. hxg3 f6 14. Bd3 Kf7 15. Bxh7 g5 16. Nxg5+ fxg5 17. Bxh8 Bxd1 18. Kxd1 Bg7 19. Bxg7 Kxg7 20. Be4 Rd8 21. Bxd5 Rxd5 22. a4 a5 23. g4 Rc5 24. Re1 Kf6 25. Re4 Rd5 26. Ke2 e6 27. g3 Rd8 28. Ke3 Rd7 29. d4 Rh7 30. Re5 b6 31. f4 gxf4+ 32. gxf4 Rh2 33. g5+ Kf7 34. f5 exf5 35. Rxf5+ Ke7 36. Kd3 Rh3+ 37. Kc4 Kd6 38. Rf6+ Kd7 39. g6 Rg3 40. c3 Kc7 41. Rf7+ Kd6 42. g7 Ke6 43. Rc7 Kd6 44. Rb7 1-0

[Event "Titled Tuesday intern op 19th Sep Early"]
[Site "Chess.com INT"]
[Date "2023.09.19"]
[Round "10"]
[White "Osmak, Iulija"]
[Black "Banzea, Alexandru Bogdan"]
[Result "1-0"]
[WhiteElo "2449"]
[BlackElo "2394"]
[PlyCount "47"]
[EventDate "2023.09.19"]
[EventType "swiss (blitz)"]
[EventRounds "11"]
[EventCountry "USA"]
[SourceTitle "EXT 2024"]
[Source "ChessBase"]
[SourceDate "2023.10.10"]
[SourceVersion "1"]
[SourceVersionDate "2023.10.10"]
[SourceQuality "1"]

1. e4 c6 2. d4 d5 3. exd5 cxd5 4. Bd3 Nf6 5. h3 Nc6 6. c3 g6 7. Nf3 Bf5 8. Be2 Bg7 9. 0-0 h6 10. Re1 e6 11. Bf4 g5 12. Bg3 Ne4 13. Bh2 g4 14. hxg4 Bxg4 15. Nbd2 Rg8 16. Nxe4 dxe4 17. Nd2 Bf5 18. Bh5 Qg5 19. Nxe4 Bxe4 20. Rxe4 0-0-0 21. Bf3 h5 22. Qb3 Bf8 23. Re5 Qe7 24. Rc5 1-0

[Event "Titled Tuesday intern op 19th Sep Early"]
[Site "Chess.com INT"]
[Date "2023.09.19"]
[Round "2"]
[White "Travadon, Loic"]
[Black "Banzea, Alexandru Bogdan"]
[Result "0-1"]
[WhiteElo "2440"]
[BlackElo "2394"]
[PlyCount "136"]
[EventDate "2023.09.19"]
[EventType "swiss (blitz)"]
[EventRounds "11"]
[EventCountry "USA"]
[SourceTitle "EXT 2024"]
[Source "ChessBase"]
[SourceDate "2023.10.10"]
[SourceVersion "1"]
[SourceVersionDate "2023.10.10"]
[SourceQuality "1"]

1. d4 d5 2. Bf4 c5 3. c3 Nc6 4. e3 Qb6 5. Na3 a6 6. Rb1 Bf5 7. Bd3 Bxd3 8. Qxd3 e6 9. Nc2 Nf6 10. h3 Qb5 11. Qe2 Be7 12. Nf3 Ne4 13. Ne5 Nxc3 14. Qxb5 Nxb5 15. Nxc6 bxc6 16. 0-0 c4 17. a4 Nd6 18. Nb4 Kd7 19. a5 Rhb8 20. Na2 Rb5 21. Nc3 Rb4 22. Ra1 Nc8 23. Na4 Ra7 24. Rfb1 Rab7 25. Ra2 R7b5 26. Kh2 Kd8 27. Nc3 Rb7 28. Na4 R7b5 29. Nc3 Rb7 30. Na4 Kd7 31. Kg1 g5 32. Be5 f6 33. Bg3 h5 34. h4 g4 35. Bf4 R7b5 36. Nc3 Rb3 37. Na4 Kd8 38. Nc3 Nd6 39. Bxd6 Bxd6 40. Nxb5 cxb5 41. g3 Kd7 42. Kf1 Kc6 43. Ke2 e5 44. dxe5 fxe5 45. Kd2 Bb4+ 46. Kc2 d4 47. exd4 exd4 48. Rd1 d3+ 49. Kb1 Bc5 50. Re1 Bxf2 51. Re6+ Kb7 52. Re7+ Kc6 53. Re6+ Kd5 54. Re8 c3 55. Rd8+ Ke4 56. Re8+ Kf3 57. Rd8 Ke2 58. Re8+ Be3 59. Ra3 c2+ 60. Ka2 Rxa3+ 61. bxa3 c1Q 62. a4 Qc2+ 63. Ka3 Qxa4+ 64. Kb2 Qc2+ 65. Ka3 Qc3+ 66. Ka2 Qc4+ 67. Kb1 Qb3+ 68. Ka1 Qa3+ 0-1

[Event "Titled Tuesday intern op 12th Sep Late"]
[Site "Chess.com INT"]
[Date "2023.09.12"]
[Round "1"]
[White "Banzea, Alexandru Bogdan"]
[Black "Harish, Neeraj"]
[Result "1-0"]
[WhiteElo "2394"]
[BlackElo "2042"]
[PlyCount "93"]
[EventDate "2023.09.12"]
[EventType "swiss (blitz)"]
[EventRounds "11"]
[EventCountry "USA"]
[SourceTitle "EXT 2024"]
[Source "ChessBase"]
[SourceDate "2023.10.10"]
[SourceVersion "1"]
[SourceVersionDate "2023.10.10"]
[SourceQuality "1"]

1. d4 Nf6 2. Nc3 d5 3. Bf4 c5 4. e3 cxd4 5. exd4 Bg4 6. f3 Bd7 7. Bd3 Nc6 8. Nge2 Nb4 9. a3 Nxd3+ 10. Qxd3 e6 11. h4 Be7 12. h5 h6 13. g4 Qb6 14. 0-0-0 Bd6 15. Qe3 0-0-0 16. Bxd6 Qxd6 17. Nf4 Kb8 18. Nd3 b6 19. Ne5 Rhf8 20. Ne2 Rc8 21. Nf4 Bb5 22. Kb1 Kb7 23. Rd2 Nd7 24. Nfd3 Bxd3 25. Nxd3 a6 26. b3 Rc7 27. Kb2 Rfc8 28. Qf4 Qxf4 29. Nxf4 a5 30. a4 Nb8 31. Nd3 Nc6 32. c3 Ka6 33. Rc1 Nd8 34. Re2 Rc6 35. Ne5 R6c7 36. f4 Kb7 37. Nd3 Nc6 38. g5 hxg5 39. fxg5 Rh8 40. Rh1 Ne7 41. Ne5 Nf5 42. g6 Ng3 43. Nxf7 Rxf7 44. gxf7 Nxe2 45. Re1 Ng3 46. Rxe6 Nxh5 47. Re8 1-0

[Event "Titled Tuesday intern op 12th Sep Late"]
[Site "Chess.com INT"]
[Date "2023.09.12"]
[Round "5"]
[White "Banzea, Alexandru Bogdan"]
[Black "Makarian, Rudik"]
[Result "1-0"]
[WhiteElo "2394"]
[BlackElo "2548"]
[PlyCount "57"]
[EventDate "2023.09.12"]
[EventType "swiss (blitz)"]
[EventRounds "11"]
[EventCountry "USA"]
[SourceTitle "EXT 2024"]
[Source "ChessBase"]
[SourceDate "2023.10.10"]
[SourceVersion "1"]
[SourceVersionDate "2023.10.10"]
[SourceQuality "1"]

1. d4 Nf6 2. Nc3 d5 3. Bf4 c5 4. e3 a6 5. dxc5 e6 6. Na4 Nbd7 7. Nf3 Nxc5 8. Nxc5 Bxc5 9. c3 0-0 10. Bd3 h6 11. 0-0 b6 12. Qe2 Bb7 13. Rad1 Qe7 14. Be5 b5 15. Bxf6 Qxf6 16. e4 Rad8 17. e5 Qe7 18. a3 g6 19. Nd4 Rc8 20. f4 Bxd4+ 21. cxd4 b4 22. a4 b3 23. Qe3 Kg7 24. f5 exf5 25. g4 fxg4 26. Rf6 Rc4 27. Rdf1 Bc8 28. Bxg6 Be6 29. Bh7 1-0

[Event "Titled Tuesday intern op 12th Sep Early"]
[Site "Chess.com INT"]
[Date "2023.09.12"]
[Round "9"]
[White "Ismayil, Malak"]
[Black "Banzea, Alexandru Bogdan"]
[Result "0-1"]
[WhiteElo "2148"]
[BlackElo "2394"]
[PlyCount "50"]
[EventDate "2023.09.12"]
[EventType "swiss (blitz)"]
[EventRounds "11"]
[EventCountry "USA"]
[SourceTitle "EXT 2024"]
[Source "ChessBase"]
[SourceDate "2023.10.10"]
[SourceVersion "1"]
[SourceVersionDate "2023.10.10"]
[SourceQuality "1"]

1. e4 c6 2. d4 d5 3. Nc3 dxe4 4. Nxe4 Nf6 5. Nxf6+ exf6 6. Be3 Bd6 7. Bd3 0-0 8. Ne2 Re8 9. 0-0 Nd7 10. h3 Nf8 11. c4 Ng6 12. Qd2 Be6 13. Rad1 Qd7 14. Bxg6 hxg6 15. d5 cxd5 16. cxd5 Bxh3 17. gxh3 Qxh3 18. Nf4 Qh4 19. Rfe1 g5 20. Ne2 Qh2+ 21. Kf1 Qh3+ 22. Kg1 Re4 23. Ng3 Rg4 24. Re2 Re8 25. Bc5 Rxg3+ 0-1

[Event "Titled Tuesday intern op 12th Sep Late"]
[Site "Chess.com INT"]
[Date "2023.09.12"]
[Round "8"]
[White "Yanchenko, Roman"]
[Black "Banzea, Alexandru Bogdan"]
[Result "1/2-1/2"]
[WhiteElo "2466"]
[BlackElo "2394"]
[PlyCount "103"]
[EventDate "2023.09.12"]
[EventType "swiss (blitz)"]
[EventRounds "11"]
[EventCountry "USA"]
[SourceTitle "EXT 2024"]
[Source "ChessBase"]
[SourceDate "2023.10.10"]
[SourceVersion "1"]
[SourceVersionDate "2023.10.10"]
[SourceQuality "1"]

1. d4 d5 2. Nf3 Nf6 3. c4 e6 4. Nc3 a6 5. cxd5 exd5 6. Bg5 Be6 7. e3 Nbd7 8. Bd3 Bd6 9. Rc1 c6 10. h3 h6 11. Bh4 Qc7 12. Bxf6 Nxf6 13. a3 0-0 14. Qc2 Rfe8 15. 0-0 Qd7 16. Ne2 Bxh3 17. gxh3 Qxh3 18. Ng3 Bxg3 19. fxg3 Qxg3+ 20. Qg2 Qxg2+ 21. Kxg2 Rxe3 22. Ne5 Ng4 23. Rce1 Rxe1 24. Rxe1 Nxe5 25. Rxe5 Kf8 26. Bf5 a5 27. Re3 g6 28. Bh3 Re8 29. Rxe8+ Kxe8 30. Bc8 b6 31. Kf3 Kd8 32. Bh3 Kc7 33. Kf4 Kd6 34. b4 axb4 35. axb4 c5 36. bxc5+ bxc5 37. dxc5+ Kxc5 38. Ke5 d4 39. Bf1 h5 40. Kf6 h4 41. Kxf7 g5 42. Kg6 g4 43. Kg5 h3 44. Kxg4 h2 45. Bg2 d3 46. Kf3 Kd4 47. Kf2 Kc3 48. Bf3 Kd2 49. Kg2 Ke3 50. Bh5 d2 51. Kxh2 d1Q 52. Bxd1 1/2-1/2

[Event "Titled Tuesday intern op 25th Jul Early"]
[Site "Chess.com INT"]
[Date "2023.07.25"]
[Round "2"]
[White "Banzea, Alexandru Bogdan"]
[Black "Bacrot, Etienne"]
[Result "0-1"]
[WhiteElo "2394"]
[BlackElo "2662"]
[PlyCount "72"]
[EventDate "2023.07.25"]
[EventType "swiss (blitz)"]
[EventRounds "11"]
[EventCountry "USA"]
[SourceTitle "EXT 2024"]
[Source "ChessBase"]
[SourceDate "2023.10.10"]
[SourceVersion "1"]
[SourceVersionDate "2023.10.10"]
[SourceQuality "1"]

1. d4 Nf6 2. Nc3 d5 3. Bf4 c6 4. e3 Bg4 5. f3 Bh5 6. g4 Bg6 7. h4 h5 8. g5 Nfd7 9. Bd3 Bxd3 10. Qxd3 e6 11. g6 f6 12. Nge2 Qb6 13. e4 Na6 14. a3 0-0-0 15. b4 e5 16. Bg3 dxe4 17. Nxe4 exd4 18. Qxd4 Rh6 19. 0-0-0 Rxg6 20. Nf4 Rxg3 21. Nxg3 c5 22. Qd5 Nc7 23. Qf7 cxb4 24. Rxd7 Rxd7 25. Qxf8+ Rd8 26. Qxb4 Qe3+ 27. Kb1 Rd4 28. Qf8+ Rd8 29. Qb4 Qxf3 30. Rg1 Rd1+ 31. Rxd1 Qxd1+ 32. Kb2 Qg4 33. Nfxh5 Qg6 34. Qf8+ Ne8 35. Qxg7 Nxg7 36. Nxg7 Qxg7 0-1